სამანქანათმშენებლო ნახაზების წაკითხვა და აგება (ბიბ.ჩანაწერი № 39214)
[ მარტივი ფორმატი ]
| 000 -LEADER | |
|---|---|
| fixed length control field | 00890nam a2200217Ia 4500 |
| 001 - CONTROL NUMBER | |
| control field | 5800 |
| 003 - CONTROL NUMBER IDENTIFIER | |
| control field | GE_BSU |
| 008 - FIXED-LENGTH DATA ELEMENTS--GENERAL INFORMATION | |
| fixed length control field | 181216s||||||||xx |||||||||||||| ||und|| |
| 040 ## - CATALOGING SOURCE | |
| Transcribing agency | GE_BSU |
| 080 ## - UNIVERSAL DECIMAL CLASSIFICATION NUMBER | |
| Universal Decimal Classification number | 744:621(072)+744.4(072) |
| 100 ## - MAIN ENTRY--PERSONAL NAME | |
| Personal name | მალანია, ი., აგლაძე, ა. |
| 245 ## - TITLE STATEMENT | |
| Title | სამანქანათმშენებლო ნახაზების წაკითხვა და აგება |
| 245 ## - TITLE STATEMENT | |
| Statement of responsibility, etc. | რედ. ა. გულისაშვილი |
| 260 ## - PUBLICATION, DISTRIBUTION, ETC. | |
| Place of publication, distribution, etc. | თბილისი |
| 260 ## - PUBLICATION, DISTRIBUTION, ETC. | |
| Name of publisher, distributor, etc. | სპი |
| 260 ## - PUBLICATION, DISTRIBUTION, ETC. | |
| Date of publication, distribution, etc. | 1969 |
| 300 ## - PHYSICAL DESCRIPTION | |
| Extent | 140 გვ. ილ. 30სმ. |
| 300 ## - PHYSICAL DESCRIPTION | |
| Accompanying material | ბიბლიოგრ.: 139 გვ. |
| 653 ## - INDEX TERM--UNCONTROLLED | |
| Uncontrolled term | სამანქანათმშენებლო ნახაზები; ნახაზების წაკითხვა; ნახაზების აგება |
| 942 ## - ADDED ENTRY ELEMENTS (KOHA) | |
| Koha item type | წიგნი |
არაა ხელმისაწვდომი ეგზემპლარები.
